00527nam a2200145Ia 4500008004100000020005500041040000800096082001700104245007600121260000900197264003900206942001300245952010600258999001700364231129s1995||||xx |||||||||||||| ||spa|| a958-9412-09-2  bspa a986.105 S231 0aSantander y las comunicaciones en Colombia y la Nueva Granada 1821-1837 c1995 aSociedad Santanderista de Colombia 2ddccBKS 00102ddc4070aBRCbBRCd2009-07-09l0o986.105 S231p27128r2023-11-29 21:30:06t1w2023-11-29yBK c24337d24337